30 Biggest Cities in Bhutan - Statistics

General Stats
  • This quiz has been taken 31 times
  • The average score is 9 of 30
Answer Stats
Rank Population Answer % Correct
1 114,551 Thimphu
100%
3 11,448 Paro
70%
4 9,858 Gelephu
52%
7 6,262 Punakha
48%
21 2,596 Ha
41%
6 8,954 Wangdue Phodrang
41%
30 779 Gasa
37%
2 27,658 Phuntsholing
37%
18 3,037 Trashigang
37%
15 3,187 Trashiyangtse
37%
8 6,243 Jakar
33%
17 3,122 Trongsa
33%
11 4,452 Mongar
30%
5 9,325 Samdrup Jongkhar
30%
16 3,157 Sarpang
30%
14 3,223 Kanglung
26%
10 5,396 Samtse
26%
13 3,448 Damphu
22%
20 2,629 Gyelpozhing
22%
28 1,500 Lhuntse
22%
19 2,849 Gedu
19%
22 2,177 Zhemgang
19%
27 1,547 Daga
15%
26 1,842 Chukha
11%
29 1,038 Pemagatsel
11%
24 2,024 Rangjung
11%
23 2,135 Chimakha
7%
12 3,661 Gomtu
7%
25 1,961 Lhamoyzingkha
7%
9 5,418 Nganglam
7%
No matching quizzes found
Score Distribution
Percent of People with Each Score
Percentile by Number Answered
Your Score History
You have not taken this quiz